Egypt 2020 : (Record no. 16692)
[ view plain ]
| 000 -LEADER | |
|---|---|
| fixed length control field | 00592nam a22001577a 4500 |
| 008 - FIXED-LENGTH DATA ELEMENTS--GENERAL INFORMATION | |
| fixed length control field | 120424s1998 ua|||||r|||| 000 0 eng d |
| 082 ## - DEWEY DECIMAL CLASSIFICATION NUMBER | |
| Classification number | 303.49962 |
| Item number | EGY |
| 111 ## - MAIN ENTRY--MEETING NAME | |
| 9 (RLIN) | 29730 |
| Meeting name or jurisdiction name as entry element | Third World Forum |
| Location of meeting | Cairo |
| Date of meeting | May1998 |
| 245 ## - TITLE STATEMENT | |
| Title | Egypt 2020 : |
| Remainder of title | A Futures Research Project / |
| 260 ## - PUBLICATION, DISTRIBUTION, ETC. (IMPRINT) | |
| Place of publication, distribution, etc | Cairo : |
| Name of publisher, distributor, etc | Third World Forum, |
| Date of publication, distribution, etc | 1998 |
| 300 ## - PHYSICAL DESCRIPTION | |
| Extent | 40 p. ; |
| Dimensions | 15 cm. |
| 541 ## - IMMEDIATE SOURCE OF ACQUISITION NOTE | |
| Source of acquisition | Dr. Bassem ; |
| 651 ## - SUBJECT ADDED ENTRY--GEOGRAPHIC NAME | |
| 9 (RLIN) | 29729 |
| Geographic name | Egypt |
| General subdivision | Forecasting |
| 942 ## - ADDED ENTRY ELEMENTS (KOHA) | |
| Source of classification or shelving scheme | Dewey Decimal Classification |
| Item type | Book - Borrowing |
| Withdrawn status | Item status | Source of classification or shelving scheme | Damaged status | Not for loan | Vendor | Home library | Current library | Shelving location | Date acquired | Source of acquisition | Total Checkouts | Total Renewals | Full call number | Barcode | Date last seen | Date last borrowed | Koha item type |
|---|---|---|---|---|---|---|---|---|---|---|---|---|---|---|---|---|---|
| Dewey Decimal Classification | Central Library | Central Library | First floor | 24/04/2012 | Donation | 1 | 2 | 303.49962 EGY | 000026681 | 15/07/2025 | 03/02/2015 | Book - Borrowing |